000 00776nam a2200289#a 4500
001 00926
003 HDC
007 ta
008 230623s2005 xx 000 0 eng d
020 _a9870198610571 (hbk.).
040 _aHDC
050 _aref PE 1628
_b.O8675 2005
245 0 _aOxford dictionary of English /
_cedited by Catherine Soanes, Angus Stevenson.
250 _a2nd ed.
264 _aNew York :
264 _aOxford
_bOxford University Press,
_c2005
300 _axxi,2088p. ;
_c 27cm
500 _aPrevious ed.: 2006.
650 _aEnglish language
_vDictionaries.
700 _aSoanes, Catherine.
700 _aStevenson, Angus.
700 _aStevenson, Angus.
942 _2lcc
942 _cBK
942 _kref PE 1628
942 _m.O8675 2005
999 _c24222
_d24222